000 00285 a2200109 4500
005 20250630133223.0
082 _a657.45
245 _aAudit Guidance series: The smaller Business Audit
260 _aNew York
_bprice Waterhouse
_c1987
300 _aiii,367p.:tables
_c22cm.
942 _2ddc
_cBKS
999 _c6476
_d6476